Nuevo peldaño 2 : cuaderno de aprendizaje /

Guardado en:
Autor Principal: Kaufman, Ruth
Formato: Libro
Publicado: Buenos Aires : Kapelusz, 1989.
Materias:
Etiquetas: Agregar Etiqueta
Sin Etiquetas, Sea el primero en etiquetar este registro!
LEADER 00688nam a22002295a 4500
001 CEM.cems012504
005 20070419211839.0
008 130507s1989##################000#0#####d
003 CEMS
020 |a 9501306682 
082 0 4 |a 372.41 
100 1 |a Kaufman, Ruth 
245 1 0 |a Nuevo peldaño 2 :  |b cuaderno de aprendizaje /  |c Ruth Kaufman. 
260 |a Buenos Aires :  |b Kapelusz,  |c 1989. 
300 |a 79 p. 
500 |a Cuaderno de aprendizaje Lengua 
653 |a Biblioteca maría de los Ángeles saggio 
653 |a Educación 
653 |a Educación primaria 
653 |a Lengua-2º egb 
653 |a Lengua. 
859 |a CEMS  |b BIB. CEMS - 11 de abril  |h 372.41  |i K162  |p 23825.07  |t Ej.1  |v 2º  |3 2º